[Event "XXXV C.to Italiano femminile"]
[Site "Bratto - Castione della Presolana ITA"]
[Date "2008.08.23"]
[Round "2"]
[White "Polin, Giulia"]
[Black "Brunello, Marina"]
[Result "0-1"]
[WhiteElo "1551"]
[BlackElo "2072"]
[PlyCount "56"]
[EventDate "2008.08.22"]

1. e4 c5 2. Nf3 d6 3. d4 cxd4 4. Qxd4 Nc6 5. Bb5 Bd7 6. Bxc6 Bxc6 7. c4 e5 8.
Qd3 Nf6 9. Nc3 Be7 10. O-O O-O 11. b3 Nd7 12. Re1 Nc5 13. Qd2 f5 14. exf5 Rxf5
15. Nd5 Ne6 16. Ba3 Bf8 17. Qd3 Rf7 18. Rad1 Qc8 19. Bc1 h6 20. Nh4 Nc5 21. Qg6
Bxd5 22. Rxd5 Rf6 23. Qg3 Qe6 24. Bb2 Qf7 25. Ba3 Ne6 26. Bxd6 Nf4 27. Rdd1
Rxd6 28. Rc1 Nd3 0-1

[Event "XXXV C.to Italiano femminile"]
[Site "Bratto - Castione della Presolana ITA"]
[Date "2008.08.23"]
[Round "2"]
[White "Zanaboni, Alessandra"]
[Black "Chiarion, Elisa"]
[Result "0-1"]
[WhiteElo "1581"]
[BlackElo "1897"]
[PlyCount "40"]
[EventDate "2008.08.22"]

1. e4 c5 2. c3 d5 3. exd5 Qxd5 4. d4 g6 5. Nf3 Bg7 6. Na3 a6 7. Nc2 Nf6 8. Be2
cxd4 9. Qxd4 Qa5 10. Qb4 Qd8 11. O-O Nc6 12. Qh4 O-O 13. Bh6 Qb6 14. b3 Qc5 15.
c4 Rd8 16. Bxg7 Kxg7 17. Ne3 Nd4 18. Nxd4 Rxd4 19. Qg3 Ne4 20. b4 Nxg3 0-1

[Event "XXXV C.to Italiano femminile"]
[Site "Bratto - Castione della Presolana ITA"]
[Date "2008.08.24"]
[Round "3"]
[White "Ambrosi, Eleonora"]
[Black "Chierici, Marianna"]
[Result "0-1"]
[WhiteElo "2160"]
[BlackElo "2037"]
[PlyCount "46"]
[EventDate "2008.08.22"]

1. e4 c5 2. Nf3 Nc6 3. Bb5 d6 4. O-O Bd7 5. Re1 a6 6. Bxc6 Bxc6 7. c3 Nf6 8. d4
Bxe4 9. Bg5 d5 10. dxc5 e6 11. b4 Be7 12. Nbd2 Bg6 13. Ne5 O-O 14. Ndf3 Bh5 15.
Rc1 Ne4 16. Bxe7 Qxe7 17. c4 Rfd8 18. cxd5 Rxd5 19. Qb3 Ng5 20. Ng6 Nxf3+ 21.
Qxf3 Qg5 22. Ne7+ Kf8 23. Qb3 Qxe7 0-1

[Event "XXXV C.to Italiano femminile"]
[Site "Bratto - Castione della Presolana ITA"]
[Date "2008.08.24"]
[Round "3"]
[White "Brunello, Marina"]
[Black "De Rosa, Mariagrazia"]
[Result "1/2-1/2"]
[WhiteElo "2072"]
[BlackElo "2083"]
[PlyCount "91"]
[EventDate "2008.08.22"]

1. e4 c5 2. c3 d6 3. d4 Nf6 4. Bd3 g6 5. Nf3 Bg7 6. O-O O-O 7. h3 Nc6 8. Be3
cxd4 9. cxd4 Nb4 10. Nc3 Nxd3 11. Qxd3 d5 12. e5 Ne8 13. Qb5 Nc7 14. Qb3 b6 15.
a4 f6 16. exf6 exf6 17. Bf4 Be6 18. Rfe1 Bf7 19. Bxc7 Qxc7 20. Nb5 Qd7 21. Qd3
Rac8 22. Nc3 Rc4 23. a5 Rfc8 24. axb6 axb6 25. Nd2 R4c7 26. Nb5 Rb7 27. Ra6 g5
28. Rea1 Bg6 29. Qe2 Re8 30. Qf1 Bf8 31. Ra7 Rxa7 32. Rxa7 Qf5 33. Nc7 Re7 34.
Nb5 Rxa7 35. Nxa7 Qd3 36. Qxd3 Bxd3 37. Nc8 Bb4 38. Nf1 b5 39. Nb6 Be4 40. Ne3
Kf7 41. Nexd5 Bxd5 42. Nxd5 Bd6 43. g4 Ke6 44. Ne3 Bc7 45. Kf1 Bd6 46. d5+
1/2-1/2

[Event "XXXV C.to Italiano femminile"]
[Site "Bratto - Castione della Presolana ITA"]
[Date "2008.08.24"]
[Round "3"]
[White "Capuano, Francesca"]
[Black "Arnetta, Maria Teresa"]
[Result "1/2-1/2"]
[WhiteElo "1911"]
[BlackElo "2011"]
[PlyCount "36"]
[EventDate "2008.08.22"]

1. d4 Nf6 2. Nf3 c5 3. c3 d5 4. Bf4 Nc6 5. e3 e6 6. Nbd2 Bd6 7. Bg3 O-O 8. Bd3
Re8 9. Ne5 h6 10. f4 Qb6 11. Rb1 Bd7 12. Bh4 Bxe5 13. fxe5 Nh7 14. Bf2 Qd8 15.
O-O Nf8 16. Qf3 Ng6 17. Bg3 Nf8 18. Qh5 Qg5 1/2-1/2

[Event "XXXV C.to Italiano femminile"]
[Site "Bratto - Castione della Presolana ITA"]
[Date "2008.08.24"]
[Round "3"]
[White "Chiarion, Elisa"]
[Black "Greco, Sara"]
[Result "1-0"]
[WhiteElo "1897"]
[BlackElo "1715"]
[PlyCount "129"]
[EventDate "2008.08.22"]

1. e4 d5 2. exd5 Qxd5 3. Nc3 Qd6 4. d4 Nf6 5. Nf3 a6 6. g3 Bg4 7. Bg2 Nc6 8. d5
Nb4 9. Bf4 Qd8 10. Qd2 Nbxd5 11. O-O-O e6 12. h3 Bf5 13. g4 Ne4 14. Nxe4 Bxe4
15. Rhe1 Bxf3 16. Bxf3 Nxf4 17. Qxf4 Bd6 18. Qa4+ b5 19. Bc6+ Kf8 20. Qe4 Rb8
21. f4 g6 22. Rf1 Qh4 23. Qf3 Rg8 24. Kb1 Rg7 25. Rd3 Qe7 26. Re3 Qf6 27. Qe4
Rd8 28. f5 Kg8 29. Ree1 gxf5 30. gxf5 exf5 31. Rxf5 Qg6 32. a3 Rf8 33. Qd5 Qg3
34. Rh1 Rg6 35. Bb7 Bf4 36. Rf1 Rd6 37. Qe4 Bh6 38. Bd5 Qxh3 39. Rg1+ Rg6 40.
Rgf1 Rg7 41. Qe7 Qe3 42. Qxc7 Qe8 43. Qh2 Bg5 44. Qh5 h6 45. Rh1 Qe7 46. Rhf1
Bd2 47. Rf6 Qa7 48. Ka2 Bg5 49. R6f5 Qe7 50. Qf3 Qc7 51. c3 Qe7 52. Rh1 Qd8 53.
Re1 Qc7 54. Bb3 Qd8 55. Rf1 Qe7 56. Qc6 Qa7 57. Rh1 Qa8 58. Qxa8 Rxa8 59. Rhf1
Rf8 60. Bd5 Rg6 61. Bxf7+ Rxf7 62. Rxf7 Rd6 63. Ra7 Be3 64. Rb7 h5 65. Rff7 1-0

[Event "XXXV C.to Italiano femminile"]
[Site "Bratto - Castione della Presolana ITA"]
[Date "2008.08.24"]
[Round "3"]
[White "Di Cerbo, Giulia"]
[Black "Monticone, Sonia"]
[Result "1/2-1/2"]
[WhiteElo "1795"]
[BlackElo "1787"]
[PlyCount "37"]
[EventDate "2008.08.22"]

1. d4 Nf6 2. Nf3 g6 3. Bf4 Bg7 4. e3 d6 5. Bd3 Nbd7 6. c3 O-O 7. O-O Re8 8. e4
e5 9. dxe5 dxe5 10. Be3 c6 11. Qe2 Qc7 12. Nbd2 Nb6 13. h3 Be6 14. a4 Nh5 15.
a5 Nd7 16. Ng5 Nf4 17. Bxf4 exf4 18. Nxe6 Rxe6 19. Bc4 1/2-1/2

[Event "XXXV C.to Italiano femminile"]
[Site "Bratto - Castione della Presolana ITA"]
[Date "2008.08.24"]
[Round "3"]
[White "Leone, Clarissa"]
[Black "Zanaboni, Alessandra"]
[Result "1/2-1/2"]
[WhiteElo "1793"]
[BlackElo "1581"]
[PlyCount "53"]
[EventDate "2008.08.22"]

1. d4 d5 2. Nf3 Nf6 3. Bg5 e6 4. Nbd2 Be7 5. e3 O-O 6. Bd3 h6 7. Bh4 b6 8. Ne5
Bb7 9. Bg3 Nbd7 10. Qe2 c5 11. c3 Nxe5 12. Bxe5 Bd6 13. f4 Bxe5 14. fxe5 Ne4
15. O-O-O Qc7 16. Kb1 c4 17. Bxe4 dxe4 18. g4 f6 19. exf6 Rxf6 20. Rhg1 Raf8
21. g5 Rf2 22. Qg4 hxg5 23. Qxe6+ Qf7 24. Qxf7+ R8xf7 25. Rxg5 Rxh2 26. d5 Re2
27. Kc1 1/2-1/2

[Event "XXXV C.to Italiano femminile"]
[Site "Bratto - Castione della Presolana ITA"]
[Date "2008.08.24"]
[Round "3"]
[White "Panella, Fiammetta"]
[Black "Fittante, Giuliana"]
[Result "1-0"]
[WhiteElo "2019"]
[BlackElo "1833"]
[PlyCount "65"]
[EventDate "2008.08.22"]

1. e4 e5 2. Nf3 Nf6 3. Nxe5 d6 4. Nf3 Nxe4 5. Nc3 Nxc3 6. dxc3 Be7 7. Be3 Nc6
8. Qd2 O-O 9. O-O-O Bf5 10. h4 Bf6 11. Be2 a5 12. Ng5 Ne5 13. f3 Qe8 14. Kb1 b5
15. g4 Bd7 16. Ne4 Be7 17. g5 Nc4 18. Bxc4 bxc4 19. Bd4 Qd8 20. Rhg1 Kh8 21. h5
c5 22. Bxc5 Bc6 23. Bd4 d5 24. h6 dxe4 25. hxg7+ Kg8 26. gxf8=Q+ Bxf8 27. fxe4
Bxe4 28. Qf4 Bg6 29. Qe5 f6 30. gxf6 Kf7 31. Bc5 Qe8 32. Qd5+ Kxf6 33. Bxf8 1-0

[Event "XXXV C.to Italiano femminile"]
[Site "Bratto - Castione della Presolana ITA"]
[Date "2008.08.24"]
[Round "3"]
[White "Reginato, Sabrina"]
[Black "Messina, Roberta"]
[Result "1/2-1/2"]
[WhiteElo "1808"]
[BlackElo "1904"]
[PlyCount "63"]
[EventDate "2008.08.22"]

1. e4 c5 2. Nf3 d6 3. d4 cxd4 4. Nxd4 Nf6 5. f3 e6 6. c4 a6 7. Nc3 Nc6 8. Be3
Qc7 9. Be2 Bd7 10. O-O Na5 11. Rc1 Rc8 12. b3 Be7 13. Qd2 O-O 14. Rfd1 Rfe8 15.
Qe1 d5 16. exd5 Bc5 17. Bf2 exd5 18. Nxd5 Nxd5 19. cxd5 Qd6 20. a3 Bxd4 21.
Qxa5 Rxc1 22. Rxc1 Bxf2+ 23. Kxf2 Qxh2 24. Qc7 Qh4+ 25. Kf1 Bc6 26. Rd1 Bb5 27.
Bxb5 axb5 28. Qc2 Qh1+ 29. Kf2 Qh4+ 30. Kg1 Re1+ 31. Rxe1 Qxe1+ 32. Kh2 1/2-1/2

[Event "XXXV C.to Italiano femminile"]
[Site "Bratto - Castione della Presolana ITA"]
[Date "2008.08.24"]
[Round "3"]
[White "Tonel, Giulia"]
[Black "Polin, Giulia"]
[Result "1-0"]
[WhiteElo "1983"]
[BlackElo "1551"]
[PlyCount "105"]
[EventDate "2008.08.22"]

1. e4 c5 2. Nf3 d6 3. d4 cxd4 4. Qxd4 a6 5. c4 Nc6 6. Qd2 Nf6 7. Nc3 e6 8. b3
Be7 9. Bb2 O-O 10. Bd3 Nd7 11. O-O Nc5 12. Bc2 b6 13. Rad1 Bb7 14. Rfe1 Qc7 15.
Bb1 Rad8 16. Qf4 Nd7 17. Qg3 Nf6 18. Ne2 e5 19. Nh4 Nh5 20. Qh3 g6 21. Nf5 gxf5
22. Qxh5 Kh8 23. exf5 Bf6 24. Ng3 Rg8 25. Ne4 Qe7 26. Re3 Nb8 27. Rh3 Rg7 28.
Ba3 Bxe4 29. Bxe4 Qf8 30. Bc1 Qg8 31. Bh6 Rg4 32. Bd5 Rd7 33. Rg3 Rxg3 34. hxg3
a5 35. g4 Na6 36. g5 Bg7 37. Bxg7+ Qxg7 38. f6 Qg6 39. Qxg6 hxg6 40. a3 Kg8 41.
Rd3 Nc5 42. Rh3 Na6 43. Rh6 Nc7 44. Rxg6+ Kf8 45. Rh6 Kg8 46. Be4 Ne6 47. Bh7+
Kf8 48. Bf5 Kg8 49. g6 Rd8 50. Bxe6 fxe6 51. Rh7 d5 52. f7+ Kf8 53. Rh8+ 1-0

[Event "XXXV C.to Italiano femminile"]
[Site "Bratto - Castione della Presolana ITA"]
[Date "2008.08.25"]
[Round "4"]
[White "Arnetta, Maria Teresa"]
[Black "Brunello, Marina"]
[Result "1/2-1/2"]
[WhiteElo "2011"]
[BlackElo "2072"]
[PlyCount "68"]
[EventDate "2008.08.22"]

1. e4 e5 2. Nf3 Nc6 3. Bc4 Bc5 4. O-O Nf6 5. d4 Bxd4 6. Nxd4 Nxd4 7. Bg5 d6 8.
f4 Be6 9. Na3 Qe7 10. c3 Bxc4 11. Nxc4 Ne6 12. Ne3 Qd7 13. fxe5 Nxe4 14. Bf4
O-O-O 15. exd6 Nxd6 16. Bxd6 cxd6 17. Qd5 Rhe8 18. Nc4 Kb8 19. Rad1 Qc7 20.
Nxd6 Qb6+ 21. Kh1 Nc7 22. Qd4 Qc6 23. Qf4 Re2 24. Ne4 Rxd1 25. Rxd1 a6 26. Nf2
Qb6 27. Nd3 Qc6 28. Qg3 Qg6 29. Qf3 Qe4 30. Qg3 Re3 31. Nc5 Qe7 32. Nd7+ Kc8
33. Nb6+ Kb8 34. Nd7+ Kc8 1/2-1/2

[Event "XXXV C.to Italiano femminile"]
[Site "Bratto - Castione della Presolana ITA"]
[Date "2008.08.25"]
[Round "4"]
[White "Capuano, Francesca"]
[Black "Panella, Fiammetta"]
[Result "0-1"]
[WhiteElo "1911"]
[BlackElo "2019"]
[PlyCount "92"]
[EventDate "2008.08.22"]

1. d4 Nf6 2. Nf3 g6 3. c4 Bg7 4. Nc3 d5 5. Bf4 O-O 6. e3 c5 7. dxc5 Qa5 8. Rc1
dxc4 9. Bxc4 Qxc5 10. Bb3 Nc6 11. O-O Qa5 12. h3 Bf5 13. Qe2 Ne4 14. Nd5 e5 15.
Rxc6 bxc6 16. Ne7+ Kh8 17. Nxc6 Qb6 18. Ncxe5 Be6 19. Bxe6 Qxe6 20. Qc4 Qxc4
21. Nxc4 Rac8 22. b3 Nc3 23. Be5 Bxe5 24. Nfxe5 Rc7 25. Ra1 Rd8 26. Nf3 Kg7 27.
Nd4 a6 28. a4 Kf6 29. g3 Ne4 30. a5 Ng5 31. Kg2 Ne6 32. Nxe6 Kxe6 33. Ra4 Rb7
34. Nb6 Rd3 35. Rb4 Kd6 36. Nc8+ Kc6 37. Rh4 Rdxb3 38. Rxh7 R3b5 39. Nb6 Rxa5
40. Nc4 Rc5 41. Rh4 a5 42. Rd4 a4 43. f4 Rb4 44. Ne5+ Kb5 45. Rxb4+ Kxb4 46.
Nd3+ Kb5 0-1

[Event "XXXV C.to Italiano femminile"]
[Site "Bratto - Castione della Presolana ITA"]
[Date "2008.08.25"]
[Round "4"]
[White "Chiarion, Elisa"]
[Black "Tonel, Giulia"]
[Result "1-0"]
[WhiteElo "1897"]
[BlackElo "1983"]
[PlyCount "79"]
[EventDate "2008.08.22"]

1. e4 c5 2. Nf3 Nc6 3. d4 cxd4 4. Nxd4 e5 5. Nf5 d6 6. Nc3 Bxf5 7. exf5 Qd7 8.
g3 Qxf5 9. Bg2 Nf6 10. O-O Be7 11. Nb5 Qd7 12. c4 O-O 13. Re1 Rac8 14. b3 a6
15. Nc3 b5 16. Nd5 Nxd5 17. Bxd5 bxc4 18. Bxc4 Qb7 19. Bd5 Qd7 20. Bc4 a5 21.
Bb2 Bf6 22. a3 Rfd8 23. Qd5 Na7 24. b4 Rxc4 25. Qxc4 d5 26. Qe2 d4 27. Rad1
axb4 28. axb4 Nc6 29. b5 Nb4 30. Qc4 Nd5 31. Ba1 Rc8 32. Qb3 Rb8 33. Rc1 g6 34.
Rc5 Nb6 35. Qf3 Kg7 36. Rd1 Qf5 37. Qb3 Be7 38. Rxe5 Qd7 39. Rxd4 Qb7 40. Rxe7
1-0

[Event "XXXV C.to Italiano femminile"]
[Site "Bratto - Castione della Presolana ITA"]
[Date "2008.08.25"]
[Round "4"]
[White "De Rosa, Mariagrazia"]
[Black "Chierici, Marianna"]
[Result "1-0"]
[WhiteElo "2083"]
[BlackElo "2037"]
[PlyCount "113"]
[EventDate "2008.08.22"]

1. e4 c5 2. Nf3 Nc6 3. Bb5 d6 4. d4 cxd4 5. Qxd4 Bd7 6. Bxc6 Bxc6 7. Nc3 Nf6 8.
Bg5 e6 9. O-O-O Be7 10. Rhe1 O-O 11. Qd2 a6 12. Nd4 Rc8 13. f3 b5 14. Nce2 Qc7
15. g4 d5 16. e5 Ne8 17. Bxe7 Qxe7 18. Ng3 b4 19. Kb1 Ba4 20. f4 Nc7 21. f5 f6
22. exf6 gxf6 23. fxe6 Nb5 24. Ngf5 Qe8 25. Qh6 Rc7 26. e7 Rf7 27. Nxb5 Bxc2+
28. Ka1 axb5 29. Rxd5 Rcxe7 30. Nxe7+ Rxe7 31. Rxe7 Qxe7 32. Qd2 Bg6 33. Rd7
Qe6 34. Qd5 Bf7 35. Qxe6 Bxe6 36. Rd4 b3 37. axb3 Bxb3 38. Kb1 Kf7 39. h3 Ke6
40. Rb4 Bc4 41. b3 Bf1 42. h4 Bd3+ 43. Kb2 f5 44. Kc3 Be2 45. gxf5+ Kxf5 46.
Kd2 Bf1 47. Ke3 Ke5 48. Rg4 Bh3 49. Rg7 Be6 50. b4 Kd5 51. Rxh7 Kc4 52. Re7 Bf5
53. Re4+ Kc3 54. h5 Bh7 55. h6 Bg6 56. Rg4 Bb1 57. Re4 1-0

[Event "XXXV C.to Italiano femminile"]
[Site "Bratto - Castione della Presolana ITA"]
[Date "2008.08.25"]
[Round "4"]
[White "Greco, Sara"]
[Black "Di Cerbo, Giulia"]
[Result "0-1"]
[WhiteElo "1715"]
[BlackElo "1795"]
[PlyCount "68"]
[EventDate "2008.08.22"]

1. e4 g6 2. d4 Bg7 3. Nf3 d6 4. Be3 a6 5. Nbd2 b5 6. c3 Nd7 7. Nb3 Bb7 8. Bd3
Ngf6 9. Qc2 Rc8 10. O-O c5 11. dxc5 dxc5 12. Nbd2 c4 13. Be2 Qc7 14. h3 Qc6 15.
Nd4 Qc7 16. f4 e5 17. fxe5 Qxe5 18. Bf4 Qe7 19. Bf3 Ne5 20. Bxe5 Qxe5 21. Rae1
O-O 22. Bd1 Nd7 23. Bg4 Rcd8 24. Bd1 Qc5 25. N2f3 Ne5 26. Kh1 Nd3 27. Re2 Rde8
28. Qd2 Bxe4 29. Ng5 Bb7 30. Rxe8 Rxe8 31. Rxf7 Bxd4 32. cxd4 Qc8 33. Rxh7 Re1+
34. Kh2 Qb8+ 0-1

[Event "XXXV C.to Italiano femminile"]
[Site "Bratto - Castione della Presolana ITA"]
[Date "2008.08.25"]
[Round "4"]
[White "Messina, Roberta"]
[Black "Brunello, Roberta"]
[Result "0-1"]
[WhiteElo "1904"]
[BlackElo "1939"]
[PlyCount "106"]
[EventDate "2008.08.22"]

1. e4 e5 2. Nf3 Nc6 3. d4 exd4 4. Nxd4 Bc5 5. Nb3 Bb6 6. a4 Na5 7. Nxa5 Bxa5+
8. c3 c6 9. Bc4 Nf6 10. e5 d5 11. exd6 Ne4 12. Bf4 O-O 13. O-O Qf6 14. Bg3 Bf5
15. Qf3 Rad8 16. b4 Bxb4 17. cxb4 Qxa1 18. Qxf5 Nxg3 19. hxg3 Rxd6 20. Qf4 Rd7
21. Nd2 Qd4 22. Nf3 Qxf4 23. gxf4 h6 24. Re1 Rfd8 25. Kh2 Kf8 26. Re5 g6 27. b5
cxb5 28. Bxb5 Re7 29. Bc4 Rc8 30. Rxe7 Kxe7 31. Ne5 f6 32. Nxg6+ Kd6 33. Bd3
Rc3 34. Be2 Rc2 35. Bf3 Rxf2 36. Bxb7 Ra2 37. Nh4 Rxa4 38. Nf5+ Kc7 39. Bf3
Rxf4 40. Ne3 Rd4 41. Nd5+ Kd8 42. Nxf6 a5 43. Ne4 a4 44. Nc3 a3 45. Kg3 Rd3 46.
Na2 Rd2 47. Nc1 Rc2 48. Nb3 a2 49. Kg4 Rb2 50. Na1 Rb1 51. Nc2 Rc1 52. Na1 Rxa1
53. Bd5 Rg1 0-1

[Event "XXXV C.to Italiano femminile"]
[Site "Bratto - Castione della Presolana ITA"]
[Date "2008.08.25"]
[Round "4"]
[White "Monticone, Sonia"]
[Black "Fittante, Giuliana"]
[Result "0-1"]
[WhiteElo "1787"]
[BlackElo "1833"]
[PlyCount "82"]
[EventDate "2008.08.22"]

1. c4 e5 2. Nc3 d6 3. g3 f5 4. e3 Nf6 5. d3 Be7 6. Nge2 c6 7. Bg2 O-O 8. O-O
Na6 9. a3 Nc7 10. b4 d5 11. Qb3 dxc4 12. dxc4 Be6 13. Nb1 Qe8 14. Qc2 Qf7 15.
Nd2 Rac8 16. Bb2 Nd7 17. Rac1 a6 18. Rfd1 Bf6 19. Nf3 Rfd8 20. Ba1 b5 21. Nd2
c5 22. cxb5 Nxb5 23. Qa4 Nc7 24. bxc5 Bd5 25. e4 fxe4 26. Bxe4 Be7 27. Bxd5
Nxd5 28. c6 Nc5 29. Qa5 Nd3 30. Ne4 Nxc1 31. Rxc1 Qf5 32. N4c3 Nxc3 33. Qxc3
Rf8 34. Rf1 Bf6 35. Qc4+ Kh8 36. Qxa6 Qf3 37. Nc3 Rxc6 38. Qa5 e4 39. Nd5 Bxa1
40. Rxa1 Qxf2+ 41. Kh1 Rc2 0-1

[Event "XXXV C.to Italiano femminile"]
[Site "Bratto - Castione della Presolana ITA"]
[Date "2008.08.25"]
[Round "4"]
[White "Polin, Giulia"]
[Black "Leone, Clarissa"]
[Result "1/2-1/2"]
[WhiteElo "1551"]
[BlackElo "1793"]
[PlyCount "45"]
[EventDate "2008.08.22"]

1. e4 d5 2. exd5 Qxd5 3. Nc3 Qd6 4. Nf3 Nf6 5. Bc4 e6 6. O-O Be7 7. d3 Nc6 8.
Nb5 Qd7 9. Bf4 Bd8 10. Re1 Na5 11. Ne5 Qe7 12. Re3 a6 13. Nd4 Nxc4 14. dxc4 O-O
15. Qe2 Qc5 16. Rd1 Be7 17. Rg3 Ne8 18. c3 Bf6 19. b4 Qa7 20. c5 Bxe5 21. Bxe5
f6 22. Bf4 e5 23. Bh6 1/2-1/2

[Event "XXXV C.to Italiano femminile"]
[Site "Bratto - Castione della Presolana ITA"]
[Date "2008.08.25"]
[Round "4"]
[White "Reginato, Sabrina"]
[Black "Ambrosi, Eleonora"]
[Result "1-0"]
[WhiteElo "1808"]
[BlackElo "2160"]
[PlyCount "67"]
[EventDate "2008.08.22"]

1. e4 e6 2. d4 d5 3. Nd2 Nf6 4. e5 Nfd7 5. Bd3 c5 6. c3 Nc6 7. Ne2 cxd4 8. cxd4
f6 9. exf6 Nxf6 10. O-O Bd6 11. Nf3 O-O 12. Ng3 e5 13. dxe5 Nxe5 14. Be2 Ng6
15. Bg5 Nf4 16. Nd4 h6 17. Bxf4 Bxf4 18. Qb3 Qe8 19. Bf3 Qf7 20. Rad1 Rd8 21.
Rfe1 Bg4 22. Bxg4 Nxg4 23. Ngf5 Bxh2+ 24. Kf1 Bd6 25. Re6 g6 26. Qxd5 gxf5 27.
Rg6+ Kf8 28. Ne6+ Ke8 29. Rg7 Nh2+ 30. Kg1 Nf3+ 31. Kf1 Nh2+ 32. Ke2 Qh5+ 33.
f3 a6 34. Nc7+ 1-0

[Event "XXXV C.to Italiano femminile"]
[Site "Bratto - Castione della Presolana ITA"]
[Date "2008.08.26"]
[Round "5"]
[White "Ambrosi, Eleonora"]
[Black "Monticone, Sonia"]
[Result "1-0"]
[WhiteElo "2160"]
[BlackElo "1787"]
[PlyCount "45"]
[EventDate "2008.08.22"]

1. e4 c5 2. Nf3 e6 3. b3 a6 4. Bb2 Nc6 5. c4 d6 6. d4 cxd4 7. Nxd4 Nf6 8. Nc3
Be7 9. Be2 O-O 10. O-O Qc7 11. Rc1 b6 12. Nc2 Bb7 13. Ne3 Rfd8 14. f3 Rac8 15.
Ncd5 exd5 16. cxd5 Qb8 17. dxc6 Rxc6 18. Nf5 Bf8 19. Rxc6 Bxc6 20. Nh6+ gxh6
21. Bxf6 Re8 22. Qe1 d5 23. e5 1-0

[Event "XXXV C.to Italiano femminile"]
[Site "Bratto - Castione della Presolana ITA"]
[Date "2008.08.26"]
[Round "5"]
[White "Brunello, Marina"]
[Black "Chiarion, Elisa"]
[Result "1/2-1/2"]
[WhiteElo "2072"]
[BlackElo "1897"]
[PlyCount "36"]
[EventDate "2008.08.22"]

1. e4 d5 2. exd5 Qxd5 3. Nc3 Qd6 4. d4 Nf6 5. Bc4 c6 6. Nge2 Bf5 7. Bf4 Qd8 8.
O-O e6 9. Re1 Be7 10. Ng3 Bg6 11. Qe2 Qxd4 12. Be5 Qb6 13. h4 h5 14. Nge4 Nxe4
15. Nxe4 O-O 16. Ng5 Bc5 17. c3 Nd7 18. Bg3 a5 1/2-1/2

[Event "XXXV C.to Italiano femminile"]
[Site "Bratto - Castione della Presolana ITA"]
[Date "2008.08.26"]
[Round "5"]
[White "Brunello, Roberta"]
[Black "Capuano, Francesca"]
[Result "1/2-1/2"]
[WhiteElo "1939"]
[BlackElo "1911"]
[PlyCount "102"]
[EventDate "2008.08.22"]

1. e4 d6 2. d4 Nf6 3. Nc3 e5 4. Nf3 Nbd7 5. Bc4 Be7 6. h3 O-O 7. O-O c6 8. a4
b6 9. b3 a6 10. Re1 Qc7 11. Bb2 Rb8 12. Qd2 b5 13. Bf1 Re8 14. Rad1 exd4 15.
Nxd4 Ne5 16. axb5 axb5 17. Nf5 Bxf5 18. exf5 Qc8 19. f4 Ned7 20. Ne4 Nxe4 21.
Rxe4 d5 22. Re3 Bc5 23. Bd4 Rxe3 24. Qxe3 Bxd4 25. Qxd4 Nf6 26. g4 Qc7 27. g5
Ne4 28. Bg2 Qxf4 29. Bxe4 Qxe4 30. Qxe4 dxe4 31. Rd6 Rc8 32. Kf2 Kf8 33. f6
gxf6 34. gxf6 Re8 35. Rxc6 Re6 36. Rc8+ Re8 37. Rxe8+ Kxe8 38. c4 bxc4 39. bxc4
Kd7 40. Ke3 Ke6 41. Kxe4 Kxf6 42. Kd5 Ke7 43. h4 f6 44. h5 Kd7 45. Ke4 Ke6 46.
Kf4 f5 47. c5 Kd5 48. Kxf5 Kxc5 49. Kg5 Kd6 50. Kh6 Ke7 51. Kxh7 Kf7 1/2-1/2

[Event "XXXV C.to Italiano femminile"]
[Site "Bratto - Castione della Presolana ITA"]
[Date "2008.08.26"]
[Round "5"]
[White "Chierici, Marianna"]
[Black "Arnetta, Maria Teresa"]
[Result "0-1"]
[WhiteElo "2037"]
[BlackElo "2011"]
[PlyCount "62"]
[EventDate "2008.08.22"]

1. e4 d5 2. exd5 Qxd5 3. d4 Nf6 4. Nc3 Qa5 5. Bc4 Bf5 6. Bd2 c6 7. Nf3 e6 8.
Qe2 Bb4 9. O-O-O Nbd7 10. a3 Nb6 11. axb4 Qa1+ 12. Nb1 Na4 13. Bc3 Ne4 14. Rd3
a5 15. bxa5 Rxa5 16. Nh4 Nexc3 17. bxc3 Bxd3 18. cxd3 Qxb1+ 19. Kxb1 Nxc3+ 20.
Kc2 Nxe2 21. Nf3 Nf4 22. g3 Nd5 23. Rb1 b5 24. Bb3 O-O 25. Nd2 Rfa8 26. Ne4 Ra1
27. Rb2 Rf1 28. Kd2 Raa1 29. Ke2 Rfb1 30. Rxb1 Rxb1 31. Nd2 Nc3+ 0-1

[Event "XXXV C.to Italiano femminile"]
[Site "Bratto - Castione della Presolana ITA"]
[Date "2008.08.26"]
[Round "5"]
[White "Fittante, Giuliana"]
[Black "Di Cerbo, Giulia"]
[Result "1-0"]
[WhiteElo "1833"]
[BlackElo "1795"]
[PlyCount "91"]
[EventDate "2008.08.22"]

1. d4 e6 2. Nf3 d5 3. c3 Nf6 4. Bg5 c5 5. e3 Nc6 6. Bd3 Bd6 7. Nbd2 h6 8. Bxf6
gxf6 9. dxc5 Bxc5 10. Nb3 Bd6 11. Bc2 Qc7 12. Qd2 Bd7 13. O-O-O Ke7 14. g3 Rac8
15. Nfd4 Ne5 16. e4 Nc4 17. Qe1 dxe4 18. Bxe4 a5 19. Bd3 a4 20. Bxc4 Qxc4 21.
Nf5+ Kf8 22. Nxd6 Qc7 23. Na1 Ra8 24. Nc2 Bc6 25. Rg1 Bd5 26. Nb5 Qb6 27. Nca3
Bxa2 28. Rd6 Qc5 29. Qd2 Kg7 30. Qd4 Qh5 31. Re1 Bb3 32. Rd7 Rab8 33. Nd6 e5
34. Qe4 Rhd8 35. Nf5+ Kh8 36. Rd6 Rxd6 37. Nxd6 Rd8 38. Nab5 Rd7 39. Qf5 Qxf5
40. Nxf5 Kh7 41. Nbd6 Rc7 42. Re4 h5 43. Rb4 Kg6 44. g4 Rc5 45. gxh5+ Kg5 46.
Ne4+ 1-0

[Event "XXXV C.to Italiano femminile"]
[Site "Bratto - Castione della Presolana ITA"]
[Date "2008.08.26"]
[Round "5"]
[White "Leone, Clarissa"]
[Black "Messina, Roberta"]
[Result "0-1"]
[WhiteElo "1793"]
[BlackElo "1904"]
[PlyCount "68"]
[EventDate "2008.08.22"]

1. d4 Nf6 2. Nf3 b6 3. Bg5 Ne4 4. Bh4 Bb7 5. e3 d6 6. Nbd2 Nd7 7. c3 Ndf6 8.
Bb5+ c6 9. Bd3 d5 10. Ne5 Nxd2 11. Qxd2 g6 12. f4 Ne4 13. Bxe4 dxe4 14. O-O Bg7
15. Bg3 f6 16. Ng4 h5 17. Qe2 Qc8 18. Nf2 h4 19. Nxe4 c5 20. Qc2 hxg3 21. Nxg3
Kf7 22. f5 gxf5 23. Rxf5 Qe6 24. e4 cxd4 25. cxd4 Rac8 26. Qf2 Qc4 27. Rf1 Qc2
28. Qf4 Qxb2 29. Qe5 Rc2 30. Nh5 Rxg2+ 31. Kh1 Rg6 32. R5f2 Rxh5 33. Qxh5 Bxe4+
34. Rf3 Qg2# 0-1

[Event "XXXV C.to Italiano femminile"]
[Site "Bratto - Castione della Presolana ITA"]
[Date "2008.08.26"]
[Round "5"]
[White "Panella, Fiammetta"]
[Black "De Rosa, Mariagrazia"]
[Result "0-1"]
[WhiteElo "2019"]
[BlackElo "2083"]
[PlyCount "60"]
[EventDate "2008.08.22"]

1. e4 g6 2. d4 Bg7 3. Nc3 d6 4. Be3 a6 5. Qd2 b5 6. f3 Bb7 7. g4 h6 8. h4 Nd7
9. O-O-O Rc8 10. Kb1 c5 11. dxc5 Nxc5 12. Bd4 Nf6 13. Nd5 e5 14. Nxf6+ Bxf6 15.
Bc3 Be7 16. g5 h5 17. Ba5 Qd7 18. Bh3 Ne6 19. Ne2 O-O 20. Nc3 Qe8 21. Nd5 Rc6
22. Rhf1 Kg7 23. Qe3 Rc4 24. Qa7 Bxd5 25. exd5 Nc5 26. f4 Bd8 27. fxe5 Bxa5 28.
e6 Bd8 29. Rde1 Qe7 30. Qa8 Ba5 0-1